000 00522nam a2200157 a 4500
001 000032302
005 20200930063612.0
008 110714s1954 dr 000 0 spa d
040 _aDO-SdBNP
_bspa
_cBNPHU
082 _axxxx
_bR426m
110 1 _aRepública Dominicana.
_9447
245 1 0 _aMemoria de la Secretaría de Estado de Guerra, Marina y Aviación correspondiente al año 1953.
260 _aCiudad Trujillo, República Dominicana :
_bImpresora Arte y Cine,
_c1954.
300 _a716 p. ;
_c21 cm.
049 _aBNPD
999 _c31793
_d31793